00498nam a2200193Ia 4500003000400000005001700004008004100021040000700062041000800069082001900077100003700096245003500133260005400168300001000222365001300232440000800245650002900253650002200282OSt20230522154615.0210423s2002 xx 000 0 und d cAL aeng a323 223bIIHR aINDIAN INSTITUTE OF HUMAN RIGHTS aState of human rights in india aNew DelhibIndian Institute of Human Rightsc2002 a1,100 b250cINR v3.3 aCivil & Political Rights aPolitical Science